000 01023nam a2200253 i 4500
001 84216
003 ES-MaACL
005 20250804010529.0
007 t|
008 041122s1974 sp ||||1| spa d
020 _a84-206-1996-5
100 1 _aJeanne, René.
_966245
245 1 0 _aHistoria ilustrada del cine /
_cRené Jeanne y Charles Ford ; [traductor, Ricardo Díaz-Delgado Estévanez].
260 _aMadrid :
_bAlianza,
_c[1974]
300 _a3 v. :
_bil. ;
_c18 cm.
490 1 _aEl libro de bolsillo.
_aArte ;
_v510-512
505 0 _a1. El cine mudo, 1895-1930 (344 p.) - 2. El cine sonoro, 1927-1945 (355 p.) - 3. El cine de hoy, 1945-1965. Apéndice: El cine mundial de los años 1965-1971, por Ricardo Díaz-Delgado Estévanez (436 p.)
650 4 _aCine-
_vHistoria.
_9171029
700 1 _aFord, Charles.
_951695
700 1 _aDíaz-Delgado Estévanez, Ricardo.
_944261
830 1 3 _aEl libro de bolsillo.
_pArte
_v510-512
_9182950
852 _aES-MaACL
_jE-5466-68
999 _c84216
_d84216